000 00385nam a22001697a 4500
003 MPLRDC
005 20220104123631.0
008 210129b ||||| |||| 00| 0 eng d
082 _a857.7 CJ-2
100 _a陈娟
245 _a江湖一奇
_c
250 _a初版
260 _a
_b香港上海书局
_c1987
300 _b
650 _a长篇小说
942 _cBK
_o857.7 CJ-2
999 _c12959
_d12949